000 00698nam a2200289Ia 4500
005 20260324112359.0
008 008 260324s9999 xx 000 0 eng d
020 _a9781032664859
037 _aEBOOK
040 _aCRL
040 _beng
040 _cCRL
041 _2eng
041 _aeng
084 _qCRL
100 _aOliver Guidetti; Mohiuddin Ahmed; Craig Speelman
_91142453
245 0 _aPsybersecurity
245 0 _bHuman Factors of Cyber Defence
260 _bTaylor and Francis
260 _c2024
365 _a
365 _b320
856 _uhttp://www.taylorfrancis.com/books/9781032664859
942 _cEBOOK
999 _c1731640
_d1731640